LEADER 00892nam a2200217 i 4500 001 000000003305 003 CaOOAMICUS 005 20260402101043.0 008 180830s1964 it d u000 u mul u 040 $aSeMil$bita 100 1 $aBidoli, Emilio.$0(OLS)http://semarc/name/2538 245 10$aDizionario italiano-tedesco, tedesco-italiano /$cEmilio Bidoli, Guido Cosciani. 264 1$aTorino :$bParavia,$c1964. 300 $a2 v. ;$c23 cm 650 4$aLingua tedesca - Dizionari, vocabolari, glossari, etc.$0(OLS)http://semarc/subject/696 700 1 $aCosciani, Guido.$0(OLS)http://semarc/name/2539 774 0 $t1: Italiano - Tedesco.$w()67714 774 0 $t2: Tedesco - Italiano.$w()103846 996 $6245$aDizionario italiano-tedesco, tedesco-italiano$9(OLS)http://semarc/title/5656 996 $6264$aTorino :$bParavia$9(OLS)http://semarc/publisher/30028